000 004250000a22001690004500
041 0 _aSPA
082 0 4 _aG 282 I15v
100 1 _aGarcía, Icazbalceta
245 1 0 _aLa virgen de Guadalupe / García Icazbalceta
260 _aEl Paso, TX., USA : Verdad
300 _a64 Pag
001 8644
942 _cBK
999 _c38778
_d38778
336 _atexto
_btxt
_2rdacontent
337 _2rdamedia
_asin mediación
_bn
338 _2rdacarrier
_avolumen
_bnc